| 000 | 01033nam a2200277 a 4500 | ||
|---|---|---|---|
| 001 | 000019463 | ||
| 005 | 20210310105541.0 | ||
| 008 | 100629s2005 es c 000 0 spa d | ||
| 020 | _a8497647424 | ||
| 040 |
_aDO-SdBNP _bspa _cBNPHU |
||
| 082 |
_a928.42 _bB869a |
||
| 100 | 1 |
_aAlbaladejo Vivero, Carmen _941802 |
|
| 245 | 1 | 0 |
_aCharlotte Brontë / _cCarmen Albaladejo Vivero ; coordinador general Felipe Sen ; coordinador de colección Mar de Ventura Fernández. |
| 260 |
_aMadrid, España : _bEdimat, _c2005. |
||
| 300 |
_a189 p. : _bretr. ; _c22 cm. |
||
| 490 | 1 | _aMujeres en la historia | |
| 500 | _aIncluye datos de la autora en el chaleco | ||
| 504 | _aIncluye bibliografías (p. 189) | ||
| 600 | 1 | 4 |
_aBRONTË, CHARLOTTE _d1816-1855 _xCRÍTICA E INTERPRETACIÓN _941803 |
| 650 | 0 |
_aBografías _920254 |
|
| 650 | 4 |
_aMujeres en la literatura _xBiografía _941804 |
|
| 700 | 1 |
_aSen, Felipe, _ecoord. _941707 |
|
| 700 | 1 |
_aVentura Fernández, Mar de, _ecoord. _941759 |
|
| 830 | 0 |
_aMujeres en la historia _941760 |
|
| 049 | _aBNPD | ||
| 999 |
_c18979 _d18979 |
||